[Event "Wch Seniors 65 26th"]
[Site "Marianske Lazne"]
[Date "2016.11.29"]
[Round "10"]
[White "Weller, Karl"]
[Black "Hutchinson, Norman A"]
[Result "1/2-1/2"]
[WhiteElo "1969"]
[BlackElo "2062"]
[PlyCount "54"]
[EventDate "2016.11.19"]
[EventType "swiss"]
[EventRounds "11"]
[EventCountry "CZE"]
[SourceTitle "CBM 175 Extra"]
[Source "ChessBase"]
[SourceDate "2016.12.12"]
[SourceVersion "1"]
[SourceVersionDate "2016.12.12"]
[SourceQuality "1"]

1. c4 c6 2. e4 d5 3. cxd5 cxd5 4. exd5 Nf6 5. Nc3 Nxd5 6. Bc4 Nb6 7. Bb3 Nc6 8. Nf3 Nd4 9. Nxd4 Qxd4 10. Qf3 e6 11. 0-0 Bb4 12. d3 Nd7 13. Be3 Qe5 14. Bf4 Qa5 15. Qg3 0-0 16. Be5 Kh8 17. a3 Be7 18. Bc7 Qg5 19. Bd6 Bxd6 20. Qxd6 Qe5 21. Qxe5 Nxe5 22. Rfd1 Nc6 23. d4 Ne7 24. d5 exd5 25. Nxd5 Nxd5 26. Bxd5 Be6 27. Rd4 Rac8 1/2-1/2

[Event "Wch Seniors 65 26th"]
[Site "Marianske Lazne"]
[Date "2016.11.28"]
[Round "9"]
[White "Hutchinson, Norman A"]
[Black "Sloth, Jorn"]
[Result "0-1"]
[WhiteElo "2062"]
[BlackElo "2312"]
[PlyCount "52"]
[EventDate "2016.11.19"]
[EventType "swiss"]
[EventRounds "11"]
[EventCountry "CZE"]
[SourceTitle "CBM 175 Extra"]
[Source "ChessBase"]
[SourceDate "2016.12.12"]
[SourceVersion "1"]
[SourceVersionDate "2016.12.12"]
[SourceQuality "1"]

1. e4 e6 2. d4 d5 3. Nd2 c5 4. Ngf3 Nf6 5. e5 Ng8 6. c3 Nc6 7. Bd3 Bd7 8. 0-0 h6 9. dxc5 Bxc5 10. Nb3 Bb6 11. Nbd4 Nge7 12. Nb5 0-0 13. Qe2 f6 14. Be3 fxe5 15. Bc2 e4 16. Nh4 Ne5 17. Qh5 Bxb5 18. Qxe5 Rf6 19. Rfd1 Bxe3 20. fxe3 Qb6 21. Re1 Raf8 22. h3 g5 23. a4 Ba6 24. b4 Bc4 25. a5 Qd8 26. Rad1 Qb8 0-1

[Event "Wch Seniors 65 26th"]
[Site "Marianske Lazne"]
[Date "2016.11.27"]
[Round "8"]
[White "El Gheiadi, Ibrahim"]
[Black "Hutchinson, Norman A"]
[Result "0-1"]
[WhiteElo "1918"]
[BlackElo "2062"]
[PlyCount "78"]
[EventDate "2016.11.19"]
[EventType "swiss"]
[EventRounds "11"]
[EventCountry "CZE"]
[SourceTitle "CBM 175 Extra"]
[Source "ChessBase"]
[SourceDate "2016.12.12"]
[SourceVersion "1"]
[SourceVersionDate "2016.12.12"]
[SourceQuality "1"]

1. e4 c6 2. d4 d5 3. e5 Bf5 4. Bd3 Bxd3 5. Qxd3 e6 6. Nf3 Nd7 7. 0-0 Ne7 8. Kh1 c5 9. c3 Nc6 10. a3 Na5 11. Nbd2 cxd4 12. Qxd4 Qc7 13. Re1 g6 14. b4 Nc6 15. Qd3 Bg7 16. Nb3 Ncxe5 17. Nxe5 Bxe5 18. Nd4 0-0 19. Bh6 Rfc8 20. Rac1 Bf4 21. Nb5 Qb8 22. Bxf4 Qxf4 23. g3 Qb8 24. Qe3 Rc4 25. Nd4 Qd6 26. Qh6 Nf6 27. f3 Rac8 28. Qg5 Kg7 29. Red1 Qa6 30. f4 Ne4 31. Qe5+ Kh6 32. g4 Rxc3 33. Rxc3 Rxc3 34. b5 Qxa3 35. Qh8 Nf2+ 36. Kg2 Nxg4 37. Rd2 Rh3 38. Re2 Rxh2+ 39. Kf1 Rh1+ 0-1